[Event "AUTO-OPEN-1551"]
[Site "http://www.queenalice.com/game.php?id=587803"]
[Date "2009.5.13"]
[Round "1"]
[White "RuyLopezTwo"]
[Black "elshafei"]
[Result "0-1"]
[WhiteElo "1923"]
[BlackElo "1957"]

1. e4 e5 2. Nf3 d6 3. d4 exd4 4. Nxd4 c5 5. Bb5+ Bd7 6. Bxd7+ Nxd7 7. Nf5 Nb6 8.
Nc3 g6 9. Ne3 Bg7 10. Qd3 Ne7 11. O-O O-O 12. a4 Nc6 13. Rd1 Nd4 14. Nb5 a6 15.
Nxd4 cxd4 16. Nf1 Rc8 17. Qb3 Qc7 18. Bf4 Nc4 19. Nd2 Ne5 20. Rac1 Kh8 21. Bg3
f5 22. exf5 gxf5 23. Bf4 Nc6 24. Nf3 Be5 25. Bh6 Rg8 26. Ng5 Nd8 27. Qh3 Nf7 28.
f4 Nxg5 29. Bxg5 Qf7 30. fxe5 Rxg5 31. exd6 Qd5 32. Rd2 Qxd6 33. Rcd1 Rd8 34. c3
Rdg8 35. Kh1 Qc6 36. cxd4 Qe4 37. Qf3 Qe6 38. d5 Qe5 39. d6 Rd8 0-1

[Event "AUTO-OPEN-1552"]
[Site "http://www.queenalice.com/game.php?id=587949"]
[Date "2009.5.14"]
[Round "1"]
[White "estrumis"]
[Black "RuyLopezTwo"]
[Result "0-1"]
[WhiteElo "1197"]
[BlackElo "1889"]

1. e4 c6 2. Be2 d5 3. d3 e5 4. exd5 cxd5 5. Bd2 Nc6 6. Qc1 Nf6 7. Bg5 Be7 8. Nc3
O-O 9. Nf3 d4 10. Nb5 Qa5+ 11. b4 Qxb4+ 12. Nd2 Qxb5 13. c4 dxc3 14. Qxc3 Nd5
15. Qb3 Qxb3 16. Nxb3 Bxg5 17. Rd1 Be6 0-1

[Event "AUTO-OPEN-1552"]
[Site "http://www.queenalice.com/game.php?id=587950"]
[Date "2009.5.14"]
[Round "1"]
[White "RuyLopezTwo"]
[Black "estrumis"]
[Result "1-0"]
[WhiteElo "1889"]
[BlackElo "1197"]

1. e4 e5 2. Nf3 Nc6 3. Bb5 Nf6 4. O-O Nxe4 5. d4 Nxd4 6. Nxd4 exd4 7. Re1 Qe7 8.
f3 Qd8 9. Rxe4+ Be7 10. Bg5 Kf8 11. Bxe7+ Qxe7 12. Rxe7 Kxe7 13. Qxd4 Re8 14.
Qxg7 Ke6 15. Nc3 c6 16. Re1+ Kd6 17. Qg3+ 1-0

[Event "AUTO-OPEN-1552"]
[Site "http://www.queenalice.com/game.php?id=587977"]
[Date "2009.5.14"]
[Round "1"]
[White "RuyLopezTwo"]
[Black "Mano171"]
[Result "0-1"]
[WhiteElo "1883"]
[BlackElo "2146"]

1. e4 c5 2. Nf3 Nc6 3. d4 cxd4 4. Nxd4 Nf6 5. Nc3 d6 6. Bg5 e6 7. Qd2 Be7 8.
O-O-O a6 9. f3 Ne5 10. h4 h6 11. Be3 Bd7 12. g4 Qa5 13. Kb1 b5 14. Bd3 Rc8 15.
g5 Ng8 16. f4 Nc4 17. Bxc4 Rxc4 18. f5 b4 19. Nce2 exf5 20. exf5 Bxf5 21. Nxf5
Qxf5 22. Rhf1 Qb5 0-1

[Event "AUTO-OPEN-1552"]
[Site "http://www.queenalice.com/game.php?id=587978"]
[Date "2009.5.14"]
[Round "1"]
[White "Mano171"]
[Black "RuyLopezTwo"]
[Result "0-1"]
[WhiteElo "1932"]
[BlackElo "1807"]

1. e4 c6 2. d4 d5 3. Nd2 dxe4 4. Nxe4 Nd7 5. c4 Ngf6 6. Ng3 e5 7. Nf3 exd4 8.
Nxd4 Ne5 9. Qd2 Bc5 10. Nb3 Qe7 11. Be2 Bb4 0-1

[Event "AUTO-OPEN-1552"]
[Site "http://www.queenalice.com/game.php?id=587979"]
[Date "2009.5.14"]
[Round "1"]
[White "RuyLopezTwo"]
[Black "fracci"]
[Result "1-0"]
[WhiteElo "1915"]
[BlackElo "2063"]

1. e4 e5 2. Nf3 Nc6 3. Bb5 Nge7 4. O-O g6 5. c3 Bg7 6. d4 exd4 7. cxd4 O-O 8. d5
Ne5 9. Nxe5 Bxe5 10. Nc3 c6 11. Bd3 d6 12. Bg5 Bxc3 13. bxc3 f6 14. Bh6 Rf7 15.
dxc6 bxc6 16. Bc4 d5 17. Bb3 Be6 18. Re1 Qd7 19. Qd3 f5 20. exd5 Bxd5 21. c4 Be6
22. Qe2 Rf6 23. Bg5 Raf8 24. Rad1 Qc8 25. Rd6 Kf7 26. Bxf6 1-0

[Event "AUTO-OPEN-1552"]
[Site "http://www.queenalice.com/game.php?id=587980"]
[Date "2009.5.14"]
[Round "1"]
[White "fracci"]
[Black "RuyLopezTwo"]
[Result "1-0"]
[WhiteElo "2080"]
[BlackElo "1878"]

1. d4 Nf6 2. e3 g6 3. Bd3 d5 4. f4 Bg7 5. Nf3 O-O 6. Nbd2 c5 7. c3 b6 8. Qe2 Bb7
9. O-O Nbd7 10. Ne5 Ne4 11. Qf3 Ndf6 12. g4 Nd6 13. f5 Nfe4 14. Qh3 a5 15. fxg6
fxg6 16. Nxe4 Rxf1+ 17. Kxf1 dxe4 18. Bc4+ Nxc4 19. Nxc4 Ba6 20. b3 b5 21. Nd2
b4+ 22. Nc4 bxc3 23. Ba3 cxd4 24. exd4 Qxd4 25. g5 Rf8+ 26. Kg2 Qf2+ 27. Kh1 Bb7
28. Qe3 Qxe3 29. Nxe3 Bd4 30. Re1 Rf3 31. Bc1 Rf2 32. a3 Rd2 33. h4 Bxe3 34.
Rxe3 Rd1+ 35. Kg2 Rxc1 36. Kf2 c2 37. Rc3 Rh1 38. Rxc2 1-0

[Event "AUTO-OPEN-1554"]
[Site "http://www.queenalice.com/game.php?id=588697"]
[Date "2009.5.15"]
[Round "1"]
[White "PapaChess"]
[Black "RuyLopezTwo"]
[Result "1-0"]
[WhiteElo "2007"]
[BlackElo "1936"]

1. e4 c6 2. d4 d5 3. Nd2 dxe4 4. Nxe4 Nd7 5. Bd3 Ngf6 6. Ng3 e6 7. Nf3 c5 8. c3
cxd4 9. cxd4 Bb4+ 10. Bd2 Bxd2+ 11. Qxd2 O-O 12. O-O Nb6 13. h4 Bd7 14. Ne5 Nbd5
15. h5 Rc8 16. a3 Qb6 17. b4 Bb5 18. h6 1-0

[Event "AUTO-OPEN-1554"]
[Site "http://www.queenalice.com/game.php?id=588698"]
[Date "2009.5.15"]
[Round "1"]
[White "RuyLopezTwo"]
[Black "PapaChess"]
[Result "0-1"]
[WhiteElo "1895"]
[BlackElo "2020"]

1. e4 c5 2. Nf3 Nc6 3. d4 cxd4 4. Nxd4 Nf6 5. Nc3 d6 6. Bg5 e6 7. Qd2 a6 8.
O-O-O h6 9. Nxc6 bxc6 10. Bf4 d5 11. Qe3 Qa5 12. Be2 Bb7 13. Qg3 dxe4 14. Kb1
Qf5 15. Be5 c5 16. Bxf6 Qxf6 17. Qc7 Qe7 18. Qb6 Rc8 0-1

[Event "AUTO-OPEN-1554"]
[Site "http://www.queenalice.com/game.php?id=588719"]
[Date "2009.5.15"]
[Round "1"]
[White "filatelista"]
[Black "RuyLopezTwo"]
[Result "1-0"]
[WhiteElo "1515"]
[BlackElo "1870"]

1. Nf3 Nf6 2. d4 g6 3. c4 Bg7 4. Nc3 d5 5. cxd5 Nxd5 6. e4 Nxc3 7. bxc3 O-O 8.
Bd3 c5 9. Be3 Nc6 10. e5 cxd4 11. cxd4 Bg4 12. Be2 Qa5+ 13. Bd2 Qa3 14. O-O Bxf3
15. Bxf3 Nxd4 16. Bxb7 Rab8 17. Be3 Nf5 18. Qf3 1-0

[Event "AUTO-OPEN-1554"]
[Site "http://www.queenalice.com/game.php?id=588720"]
[Date "2009.5.15"]
[Round "1"]
[White "RuyLopezTwo"]
[Black "filatelista"]
[Result "0-1"]
[WhiteElo "1840"]
[BlackElo "1545"]

1. e4 e5 2. Nf3 d6 3. d4 exd4 4. Nxd4 a6 5. Nc3 c5 6. Nb3 Nc6 7. Be3 Nf6 8. Be2
Be7 9. O-O O-O 10. h3 h6 11. a4 Ne5 12. a5 b5 13. axb6 Qxb6 14. f4 Nc6 15. Bf3
Rb8 16. Na4 Qd8 17. e5 dxe5 18. Bxc6 Qc7 19. Bf3 exf4 0-1

[Event "AUTO-OPEN-1554"]
[Site "http://www.queenalice.com/game.php?id=588731"]
[Date "2009.5.15"]
[Round "1"]
[White "THEJEGUE"]
[Black "RuyLopezTwo"]
[Result "0-1"]
[WhiteElo "1697"]
[BlackElo "1939"]

1. a4 e5 2. c4 Nf6 3. d3 d5 4. b3 Nc6 5. Bg5 Bb4+ 6. Nd2 Be6 7. Bxf6 Qxf6 8.
cxd5 Bxd5 9. e4 Be6 10. Qf3 Bxd2+ 11. Kxd2 Qe7 12. Rb1 Qb4+ 13. Ke2 Nd4+ 14. Ke3
Nxf3 15. Nxf3 O-O-O 16. Nxe5 Qd4+ 17. Kf4 g5+ 18. Kf3 Qxe5 19. g3 f5 20. Re1
fxe4+ 21. Rxe4 Bd5 22. Kg2 Bxe4+ 23. dxe4 Qxe4+ 24. f3 Rd2+ 25. Kh3 Qf5+ 0-1

[Event "AUTO-OPEN-1554"]
[Site "http://www.queenalice.com/game.php?id=588732"]
[Date "2009.5.15"]
[Round "1"]
[White "RuyLopezTwo"]
[Black "THEJEGUE"]
[Result "1-0"]
[WhiteElo "1874"]
[BlackElo "1732"]

1. e4 e5 2. Nf3 d6 3. d4 Bg4 4. dxe5 Bxf3 5. Qxf3 dxe5 6. Bc4 f6 7. Qb3 Nh6 8.
Qxb7 Nd7 9. Bxh6 gxh6 10. Qd5 Qb8 11. O-O Qxb2 12. Qxa8+ Nb8 13. Nd2 Ke7 14. Nb3
Qxc2 15. Qd5 Ke8 16. Rad1 Be7 17. Qf7# 1-0

[Event "AUTO-OPEN-1555"]
[Site "http://www.queenalice.com/game.php?id=589092"]
[Date "2009.5.16"]
[Round "1"]
[White "RuyLopezTwo"]
[Black "aureliano"]
[Result "1-0"]
[WhiteElo "1500"]
[BlackElo "1579"]

1. e4 e5 2. Nf3 Bd6 3. Bc4 h6 4. Nc3 Qf6 5. O-O c5 6. Nd5 Qd8 7. c3 a6 8. d4 Nc6
9. dxe5 Nxe5 10. Nxe5 Bxe5 11. Qh5 g6 12. Qxe5+ Kf8 13. Qxh8 b5 14. Bxh6+ Ke8
15. Qxg8# 1-0

[Event "AUTO-OPEN-1555"]
[Site "http://www.queenalice.com/game.php?id=589093"]
[Date "2009.5.16"]
[Round "1"]
[White "aureliano"]
[Black "RuyLopezTwo"]
[Result "0-1"]
[WhiteElo "1573"]
[BlackElo "1722"]

1. c4 Nf6 2. Nc3 g6 3. Qc2 Bg7 4. h4 O-O 5. b4 d5 6. e3 e5 7. Be2 d4 8. Ne4 Nxe4
9. Qxe4 Nc6 10. b5 Bf5 11. Qf3 Nb4 12. Bd1 e4 13. Qg3 Be5 14. Qxe5 Nd3+ 15. Kf1
Nxe5 16. Ne2 dxe3 17. fxe3 Nxc4 18. Nd4 Qf6 19. Kg1 Rad8 20. Bb3 Rxd4 21. Rb1
Rxd2 22. Bxc4 Rd1+ 23. Bf1 Bg4 24. Kh2 Qxh4+ 25. Kg1 Rxf1+ 26. Kxf1 Qxh1+ 27.
Kf2 Rd8 28. Kg3 g5 29. Kxg4 Qh4+ 30. Kf5 Rd5+ 31. Kf6 Qh6+ 32. Ke7 Qe6# 0-1

[Event "AUTO-OPEN-1555"]
[Site "http://www.queenalice.com/game.php?id=589096"]
[Date "2009.5.16"]
[Round "1"]
[White "RuyLopezTwo"]
[Black "rito"]
[Result "1-0"]
[WhiteElo "1903"]
[BlackElo "1285"]

1. e4 g6 2. d4 a5 3. Nf3 b5 4. Bxb5 c6 5. Bc4 d5 6. exd5 cxd5 7. Bb5+ Nd7 8. Bc6
Ra6 9. Bxd5 a4 10. Nc3 Bh6 11. Bxh6 Nxh6 12. Qd2 Nf5 13. O-O e6 14. Bc4 Bb7 15.
Bxa6 Bxa6 16. Rfe1 Bc4 17. b3 axb3 18. axb3 Bd5 19. Nxd5 h5 20. Ra7 Qb8 21. Qa5
O-O 22. Rxd7 exd5 23. Qxd5 Ng7 24. Ree7 Qc8 25. Rxf7 Rxf7 26. Qxf7+ Kh7 27.
Qxg7# 1-0

[Event "AUTO-OPEN-1555"]
[Site "http://www.queenalice.com/game.php?id=589097"]
[Date "2009.5.16"]
[Round "1"]
[White "rito"]
[Black "RuyLopezTwo"]
[Result "0-1"]
[WhiteElo "1192"]
[BlackElo "1807"]

1. g3 Nf6 2. h4 e5 3. Nf3 Nc6 4. b3 e4 5. Ng1 d5 6. e3 Bd6 7. Bh3 Bxh3 8. Rxh3
Qd7 9. Rh1 Qf5 10. Ba3 Ng4 11. f3 Bxg3+ 12. Kf1 Nf2 13. Bb2 Nxd1 14. Bxg7 exf3
15. Bxh8 Nf2 16. Rh2 Bxh2 17. Nh3 Qxh3+ 18. Kxf2 Qg2+ 0-1

[Event "I Copa Cuba"]
[Site "http://www.queenalice.com/game.php?id=590384"]
[Date "2009.5.18"]
[Round "1"]
[White "RuyLopezTwo"]
[Black "aldav"]
[Result "1-0"]
[WhiteElo "1620"]
[BlackElo "1621"]

1. e4 e5 2. Nf3 d6 3. d4 exd4 4. Nxd4 c5 5. Bb5+ Bd7 6. Bxd7+ Nxd7 7. Nf5 g6 8.
Nxd6+ Bxd6 9. Qxd6 b6 10. Nc3 Ne7 11. Bg5 Rc8 12. Nd5 Rc6 13. Qxe7+ Qxe7 14.
Bxe7 Re6 15. Bxc5 Nxc5 16. Nc7+ Ke7 17. Nxe6 Kxe6 18. O-O-O Nxe4 19. Rhe1 Kf5
20. Rd5+ Kf4 21. g3+ 1-0

[Event "I Copa Cuba"]
[Site "http://www.queenalice.com/game.php?id=606994"]
[Date "2009.6.22"]
[Round "2"]
[White "clabrada"]
[Black "RuyLopezTwo"]
[Result "1-0"]
[WhiteElo "2030"]
[BlackElo "1949"]

1. e4 d5 2. exd5 Nf6 3. Nc3 Nxd5 4. Nxd5 Qxd5 5. d4 Nc6 6. c3 Bf5 7. Nf3 O-O-O
8. Bf4 Qe4+ 9. Be3 e5 10. Ng5 Qd5 11. dxe5 Qxe5 12. Qa4 Bg6 13. Be2 Bc5 14. Nf3
Qe7 15. Bxc5 1-0